Dynamic Asset Pricing Theory /

Salvato in:
Dettagli Bibliografici
Autore principale: Duffie, Darrell (autor)
Natura: Libro
Lingua:inglese
Pubblicazione: Princeton, EUA : Princeton University, 2001, c2001
Edizione:3a edición
Soggetti:
Tags: Aggiungi Tag
Nessun Tag, puoi essere il primo ad aggiungerne!!

MARC

LEADER 00000nam^a2200000^a^4500
001 000140858
005 20250521000000.0
009 20260310095554.391
020 |a 0-691-09022-X 
037 |a Acervo ITESO - Biblioteca 
041 |a ING 
082 |a 332. 632  |b DUF 
100 |a Duffie, Darrell  |e (autor) 
245 1 0 |a Dynamic Asset Pricing Theory /  |c D. Duffie. 
250 |a 3a edición 
264 4 |a Princeton, EUA :  |b Princeton University,  |c 2001, c2001 
300 |a XIX, 465 p. 
336 |a texto  |b txt  |2 rdacontenido 
337 |a sin mediación  |b n  |2 rdamedio 
338 |a volumen  |b nc  |2 rdasoporte 
649 |a XX 
650 |a Precios 
650 |a Deuda 
650 |a Inversiones 
650 |a Capital 
650 |a Bienes de Capital 
650 |a Bancos y Operaciones Bancarias 
650 |a Probabilidad 
650 |a Estadística 
650 |a Martingalas (Matemáticas) 
650 |a Modelos Matemáticos 
650 |a Modelos (Metodología) 
650 |a Métodos de Simulación 
650 |a Matemáticas Financieras 
650 |a Economía 
910 |a Fondo General 
920 |a Impresos - Libros 
930 |a Colección General 
905 |a 101 
901 |a 0500069816  |b IT1  |c ACC  |u 20250521 
902 |a https://opac.biblio.iteso.mx/vufind/Record/000140858